=LDR 00000nam 2200000 4500 =001 INLIS000000000055408 =005 20200417080850 =035 ##$$a 0010-0420000087 =007 ta =008 200417###########################0#ind## =020 ##$$a 978-602-1279-98-4 =082 ##$$a 899.221 3 =084 ##$$a 899.221 3 Zya i =245 1#$$a Infoxicafing love /$c Zya Pretty =250 ##$$a Cet 1 =300 ##$$a 330 halaman : $b Ilustrasi ; $c 20 Cm. =650 #4$$a Fiksi Indonesia =700 #$$a Penyunting ; Pitty =264 ##$$a Jakarta :$b Aksara plus,$c 2018 =336 ##$$a teks$2 rdacontent =337 ##$$a lain-lain$2 rdamedia =338 ##$$a lain-lain$2 rdacarrier =990 ##$$a 15111511 =990 ##$$a 15111511